Diseño de espesores del pavimento flexible de la carretera-San Carlos: tramo El Arrayan-El Madroño:este:14+919.00-este:25+280.00
Presenta un diseño de la estructura de pavimento se aplica el método utilizado por la AASHTO adecuándolo a las características propias de la zona, para el cálculo de los espesores de la estructura de pavimento se hace uso del programa AASHTO-1986 DESIGN OF PAVIMENT STRUCTURES.
| Main Author: | |
|---|---|
| Other Authors: | |
| Format: | Tesis Section = Libro |
| Language: | Undetermined Spanish |
| Published: |
Managua
UNI
2012
|
| Subjects: |
| LEADER | 01079nam a2200241Ia 4500 | ||
|---|---|---|---|
| 008 | 240830s9999 xx 000 0 und d | ||
| 040 | |a BIBLIOTECA-RUPAP P.Mon 625.85 M534 | ||
| 041 | |a spa | ||
| 082 | |a P.Mon 625.85 M534 | ||
| 100 | 1 | |a Mena Méndez, Ever Antonio | |
| 245 | 1 | 0 | |a Diseño de espesores del pavimento flexible de la carretera-San Carlos: tramo El Arrayan-El Madroño:este:14+919.00-este:25+280.00 |
| 260 | |a Managua |b UNI |c 2012 | ||
| 300 | |a 87 p. :il. | ||
| 500 | |a Contiene: anexos. | ||
| 502 | |a Tesis (Posgrado en Obras Viales)- UNI, 2012. | ||
| 520 | 3 | |a Presenta un diseño de la estructura de pavimento se aplica el método utilizado por la AASHTO adecuándolo a las características propias de la zona, para el cálculo de los espesores de la estructura de pavimento se hace uso del programa AASHTO-1986 DESIGN OF PAVIMENT STRUCTURES. | |
| 650 | 7 | |a PAVIMENTOS | |
| 650 | 7 | |b PAVIMENTOS FLEXIBLES | |
| 650 | 7 | |c PAVIMENTOS-DISEÑO Y CONSTRUCCION | |
| 700 | 1 | |a Tutor: |b López Peña, Orlando Anastasio | |
| 942 | |c BK |2 ddc | ||
| 991 | |a TESIS | ||
| 999 | |c 17983 | ||